<?xml version="1.0" encoding="UTF-8"?><?xml-stylesheet type="text/xsl" href="static/style.xsl"?><OAI-PMH xmlns="http://www.openarchives.org/OAI/2.0/" xmlns:xsi="http://www.w3.org/2001/XMLSchema-instance" xsi:schemaLocation="http://www.openarchives.org/OAI/2.0/ http://www.openarchives.org/OAI/2.0/OAI-PMH.xsd"><responseDate>2026-04-28T17:55:12Z</responseDate><request verb="GetRecord" identifier="oai:riubu.ubu.es:10259/5326" metadataPrefix="marc">https://riubu.ubu.es/oai/request</request><GetRecord><record><header><identifier>oai:riubu.ubu.es:10259/5326</identifier><datestamp>2022-04-07T10:38:31Z</datestamp><setSpec>com_10259_4244</setSpec><setSpec>com_10259_5086</setSpec><setSpec>com_10259_2604</setSpec><setSpec>col_10259_4245</setSpec></header><metadata><record xmlns="http://www.loc.gov/MARC21/slim" xmlns:doc="http://www.lyncode.com/xoai" xmlns:xsi="http://www.w3.org/2001/XMLSchema-instance" xmlns:dcterms="http://purl.org/dc/terms/" xsi:schemaLocation="http://www.loc.gov/MARC21/slim http://www.loc.gov/standards/marcxml/schema/MARC21slim.xsd">
<leader>00925njm 22002777a 4500</leader>
<datafield tag="042" ind1=" " ind2=" ">
<subfield code="a">dc</subfield>
</datafield>
<datafield tag="720" ind1=" " ind2=" ">
<subfield code="a">García Solaesa, Ángela</subfield>
<subfield code="e">author</subfield>
</datafield>
<datafield tag="720" ind1=" " ind2=" ">
<subfield code="a">Fernandes, José O.</subfield>
<subfield code="e">author</subfield>
</datafield>
<datafield tag="720" ind1=" " ind2=" ">
<subfield code="a">Sanz Díez, Mª Teresa</subfield>
<subfield code="e">author</subfield>
</datafield>
<datafield tag="720" ind1=" " ind2=" ">
<subfield code="a">Benito Román, Oscar</subfield>
<subfield code="e">author</subfield>
</datafield>
<datafield tag="720" ind1=" " ind2=" ">
<subfield code="a">Cunha, Sara C.</subfield>
<subfield code="e">author</subfield>
</datafield>
<datafield tag="260" ind1=" " ind2=" ">
<subfield code="c">2019-04</subfield>
</datafield>
<datafield tag="520" ind1=" " ind2=" ">
<subfield code="a">A "green", simple, and low-cost sample extraction procedure involving the use of a deep eutectic solvent (DES) in a vortex assisted liquid-liquid microextraction (VALLME) technique followed by gas chromatography-tandem mass spectrometry (GC-MS/MS) analysis was developed for the simultaneous determination of different PBDEs congeners and OCPs residues in fish oils. After evaluation of different eutectic mixtures, the extraction parameters (volume of DES, amount of oil sample and extraction time) were optimized by means of experimental design in order to maximise extraction efficiency. The developed method was validated in terms of linearity, accuracy and precision, presenting limits of detection in the low ng g−1 level. Its application in the analysis of five fish oil samples, allowed the detection of all the target analytes at levels up 21.5 ng g−1. Fish oils used in animal feed showed to be more contaminated than fish oils for human consumption.</subfield>
</datafield>
<datafield tag="024" ind2=" " ind1="8">
<subfield code="a">0039-9140</subfield>
</datafield>
<datafield tag="024" ind2=" " ind1="8">
<subfield code="a">http://hdl.handle.net/10259/5326</subfield>
</datafield>
<datafield tag="024" ind2=" " ind1="8">
<subfield code="a">10.1016/j.talanta.2018.11.048</subfield>
</datafield>
<datafield ind1=" " ind2=" " tag="653">
<subfield code="a">Choline chloride:phenol</subfield>
</datafield>
<datafield ind1=" " ind2=" " tag="653">
<subfield code="a">Deep eutectic solvents</subfield>
</datafield>
<datafield ind1=" " ind2=" " tag="653">
<subfield code="a">GC-MS/MS</subfield>
</datafield>
<datafield ind1=" " ind2=" " tag="653">
<subfield code="a">PBDEs</subfield>
</datafield>
<datafield ind1=" " ind2=" " tag="653">
<subfield code="a">OCPs</subfield>
</datafield>
<datafield ind1=" " ind2=" " tag="653">
<subfield code="a">Food contaminants</subfield>
</datafield>
<datafield tag="245" ind1="0" ind2="0">
<subfield code="a">Green determination of brominated flame retardants and organochloride pollutants in fish oils by vortex assisted liquid-liquid microextraction and gas chromatography-tandem mass spectrometry</subfield>
</datafield>
</record></metadata></record></GetRecord></OAI-PMH>